000 00444pab a2200157 454500
008 180718b2015 xxu||||| |||| 00| 0 eng d
100 _aPark, Chan-ung
245 _aInstitutional embeddedness of market integration: The formation of free trade agreements in 1957-2008
260 _c2015
300 _ap.39-60.
362 _aJan
650 _aGlobalization
650 _aFree Trade
773 _aInternational Sociology
909 _a107395
999 _c107390
_d107390